Πλευρές της μετανάστευσης στην Ελλάδα: αντιλήψεις κατοίκων της περιοχής του Ν. Κοζάνης : [πτυχιακή εργασία]

Αποθηκεύτηκε σε:
Λεπτομέρειες βιβλιογραφικής εγγραφής
Κύριος συγγραφέας: Κοτίτσα, Αγγελική
Συγγραφή απο Οργανισμό/Αρχή: Πανεπιστήμιο Αιγαίου. Σχολή Κοινωνικών Επιστημών. Τμήμα Γεωγραφίας
Άλλοι συγγραφείς: Πετράκου, Ηλέκτρα (dgsf)
Μορφή: Thesis Βιβλίο
Γλώσσα:Greek
Δημοσίευση: 2014.
Θέματα:
Διαθέσιμο Online:http://hdl.handle.net/11610/6164
Ετικέτες: Προσθήκη ετικέτας
Δεν υπάρχουν, Καταχωρήστε ετικέτα πρώτοι!

MARC

LEADER 00000cam a2200000 i 4500
001 1/67284
008 150217s2014 gre d
035 |l 10121135 
040 |a GR-MY-UA  |b gre  |e aacr 
041 0 |a gre 
082 7 |a 304.8   |2 (22) 
100 1 |a Κοτίτσα, Αγγελική. 
245 1 0 |a Πλευρές της μετανάστευσης στην Ελλάδα: αντιλήψεις κατοίκων της περιοχής του Ν. Κοζάνης :   |b [πτυχιακή εργασία] /   |c Κοτίτσα Αγγελική ; επιβλέπουσα: Πετράκου Ηλέκτρα. 
260 |c 2014. 
300 |a 141 σ. :   |b εικ. ;   |c 30 εκ. 
502 |a Πτυχιακή εργασία – Πανεπιστήμιο Αιγαίου, Λέσβος, 2014. 
504 |a Βιβλιογραφία: σ. 94-97. 
650 0 |a Immigrants  |z Greece  |z Kozane (Nome) 
650 0 |a Emigration and immigration  |x Research. 
650 0 |a Dissertations, Academic  |z Greece. 
651 0 |a Kozane (Greece : Nome)  |x Emigration and immigration. 
700 1 |a Πετράκου, Ηλέκτρα,  |e dgsf 
710 2 |a Πανεπιστήμιο Αιγαίου.   |b Σχολή Κοινωνικών Επιστημών.   |b Τμήμα Γεωγραφίας. 
852 |a INST  |b LESVOS  |c DIATR  |e 20150217  |h 845  |p 005100056010  |q 005100056010  |t DIE  |y 23 
852 |a INST  |b LESVOS  |c DIATR  |e 20150217  |h 846  |p 005100056009  |q 005100056009  |t DIE  |y 23 
856 |u http://hdl.handle.net/11610/6164 
901 |a BIBL1-2015-1 
909 |a Λ  |b 192819 
909 |a Λ  |b 192820 
924 |a ΚΟΤΙΤΣΑ  |b ΑΓΓΕΛΙΚΗ  |y ΛΕΣΒΟΣ  |z 2014-11 
970 |a ΤΖΑΦΕΡΗ  |b ΕΥΑΓΓΕΛΙΑ  |z 2015/02/17